Baby Names: 'D' Boy Names by Decade Quiz Stats

 Plays Quiz Updated Oct 15, 2018

Challenge
Share
Tweet
Embed
Score 0/118 Timer 08:00
19 Plays Today
Decade Names % Correct
1880sDan
94.5%
1890sDan
94.5%
1900sDan
94.5%
1910sDan
94.5%
1940sDan
94.5%
1880sDavid
93.9%
1890sDavid
93.9%
1900sDavid
93.9%
1910sDavid
93.9%
1920sDavid
93.9%
1930sDavid
93.9%
1940sDavid
93.9%
1950sDavid
93.9%
1960sDavid
93.9%
1970sDavid
93.9%
2000sDavid
93.9%
1980sDavid
93.9%
1990sDavid
93.9%
2000sDaniel
92.6%
1880sDaniel
92.6%
1890sDaniel
92.6%
1900sDaniel
92.6%
1910sDaniel
92.6%
1920sDaniel
92.6%
1930sDaniel
92.6%
1940sDaniel
92.6%
1950sDaniel
92.6%
1970sDaniel
92.6%
1990sDaniel
92.6%
1960sDaniel
92.6%
1980sDaniel
92.6%
1930sDon
86.3%
1950sDon
86.3%
1910sDon
86.3%
1920sDon
86.3%
1940sDon
86.3%
1890sDonald
81.2%
1900sDonald
81.2%
1910sDonald
81.2%
1920sDonald
81.2%
Decade Names % Correct
1930sDonald
81.2%
1940sDonald
81.2%
1950sDonald
81.2%
1960sDonald
81.2%
1970sDonald
81.2%
1980sDonald
81.2%
1880sDave
75.6%
1890sDave
75.6%
1900sDave
75.6%
1970sDanny
69.8%
1980sDanny
69.8%
1940sDanny
69.8%
1950sDanny
69.8%
1960sDanny
69.8%
1890sDennis
56.5%
1880sDennis
56.5%
1900sDennis
56.5%
1920sDennis
56.5%
1940sDennis
56.5%
1970sDennis
56.5%
1930sDennis
56.5%
1950sDennis
56.5%
1960sDennis
56.5%
1980sDennis
56.5%
1990sDylan
52.4%
2000sDylan
52.4%
1970sDerek
51%
2000sDerek
51%
1980sDerek
51%
1990sDerek
51%
1940sDouglas
50.1%
1970sDouglas
50.1%
1900sDouglas
50.1%
1910sDouglas
50.1%
1920sDouglas
50.1%
1930sDouglas
50.1%
1950sDouglas
50.1%
1960sDouglas
50.1%
1980sDouglas
50.1%
1970sDarren
49%
Decade Names % Correct
1950sDean
43.6%
1960sDean
43.6%
1920sDean
43.6%
1930sDean
43.6%
2000sDominic
40.5%
1970sDustin
40%
1980sDustin
40%
1990sDustin
40%
1970sDerrick
39.9%
1980sDerrick
39.9%
2000sDamian
38.9%
1990sDillon
37.9%
1910sDale
36.4%
1920sDale
36.4%
1930sDale
36.4%
1940sDale
36.4%
1950sDale
36.4%
1960sDale
36.4%
1990sDevon
35%
1980sDevin
32.7%
1990sDevin
32.7%
2000sDevin
32.7%
1960sDarryl
30.5%
1930sDarrell
26.9%
1960sDarrell
26.9%
1940sDarrell
26.9%
1950sDarrell
26.9%
1920sDuane
19.7%
1930sDuane
19.7%
1990sDalton
18.9%
2000sDalton
18.9%
1890sDewey
18.8%
1900sDewey
18.8%
1910sDelbert
16.9%
1920sDelbert
16.9%
2000sDiego
15.9%
1990sDakota
13.8%
2000sDakota
13.8%

You're not logged in!

Compare scores with friends on all Sporcle quizzes.
OR
Log In

You Might Also Like...

Show Comments

Extras

Top Quizzes Today


Score Distribution

Your Account Isn't Verified!

In order to create a playlist on Sporcle, you need to verify the email address you used during registration. Go to your Sporcle Settings to finish the process.

Report this User

Report this user for behavior that violates our Community Guidelines.

Details: